000 00318nam a22001337a 4500
008 260505b |||||||| |||| 00| 0 eng d
020 _a978-8120824737
082 _a001723
100 _apandhit, Jagannath
245 _aRasagangadha
260 _aNew Delhi
_bMotilal Banarsidass
_c1983
300 _a702p
942 _2ddc
999 _c1421
_d1421